000
00222nam a22001097a 4500
100
_a
Hardy, Thomes
245
_a
Far From the Madding Crowd
250
_a
2014
260
_b
Heritage Pub.
300
_a
32
942
_2
ddc
_c
BK
999
_c
11495
_d
11495